000 00380 a2200169 4500
001 186312
020 _a85-08-07110-8
040 _cMagnum
100 _aPresser, Arlynn
240 1 0 _aO amor chegou de surpresa
_lpor
245 1 0 _aO amor chegou de surpresa
300 _a128
362 0 _a1999
440 1 _aÁtica
697 _aLITERATURA JUVENIL ESTRANGEIRA
942 _cBK
999 _c186312
_d186312